Statistiques concernant TOP 5 des 25 plus grands championnats européens saison 2022-2023

Cliquez ici pour prendre le quiz!

Statistiques générales

  • Ce quiz a été pris 87 fois
  • Le résultat moyen est 49 sur 125

Statistiques - réponses

HintRéponse% Correct
Premier LeagueManchester city
100%
Manchester united
97%
Real Madrid
97%
Ligue 1PSG
96%
Arsenal
95%
LigaBarcelone
95%
BundesligaBayern
94%
Liverpool
94%
Marseille
94%
AC Milan
92%
Atlético Madrid
91%
Dortmund
91%
Inter
91%
Lens
91%
Serie ANaples
91%
Ajax
87%
Leipzig
87%
Lille
87%
PSV
87%
Newcastle
86%
Rennes
86%
Lazio
81%
EredivisieFeyenoord
80%
Liga NOSBenfica
78%
Porto
78%
Real Sociedad
78%
Sporting
77%
Süper LigGalatasaray
73%
Braga
72%
Union Berlin
72%
Rangers
67%
Premiership (écosse)Celtic
66%
Atalanta
63%
Villareal
63%
Super League SuisseYoung Boys
63%
Besiktas
62%
Fenerbahçe
59%
Superligaen (Danemark)Copenhague
58%
Super liga Srbije (Serbie)Etoile rouge
57%
Bundesliga autrichienneSalzburg
57%
Antwerp
53%
Bâle
51%
Superleague Elláda (Grèce)Pana
49%
Union saint-Gilloise
49%
AEK Athènes
48%
AZ
48%
Dynamo Kiev
48%
Fribourg
48%
Jupiler pro leagueGenk
46%
Olympiakos
42%
Rapid Vienne
42%
Ligat Habursa Leniyarot Erech (Israël)Maccabi Haifa
41%
Fortuna Liga (République Tchèque)Sparta Prague
41%
Austria Vienne
39%
Twente
39%
Prva hrvatska nogometna liga (Croatie)Dinamo Zagreb
38%
Partizan
38%
Servette
38%
APOEL
37%
Slavia Prague
37%
Brugge
35%
La Gantoise
34%
Aberdeen
33%
Legia Varsovie
33%
Eliteserien (Norvège)Molde
32%
Rosenborg
30%
LASK
28%
PAOK
28%
OTP Bank Liga (Hongrie)Ferencvaros
27%
Bodo/glimt
25%
Sturm Graz
25%
Cluj
24%
Viktoria Plzen
20%
Hearts
19%
Arouca
18%
Tel-Aviv
18%
Apollon Limassol
16%
Brondby
15%
Istanbul
15%
Lech Poznan
15%
Nordsjaelland
15%
Hibernian
14%
Lucerne
14%
Lugano
14%
Dnipro
13%
Adana demirspor
11%
Premier-Liha (Ukraine)Chakhtior Donetsk
11%
AIK
10%
Backa topola
10%
Zorya
10%
Debrecen
9%
FCSB
9%
Allsvenskan (Suede)Hacken
9%
Hajduk
9%
Larnaca
9%
Rijeka
9%
Cukaricki
8%
Lillestrom
8%
Vojvodina
8%
Aris Salonique
6%
Beer Sheva
6%
Liga I (Roumanie)Farul
6%
Hammarby
6%
Ekstraklasa (Pologne)Rakow
6%
Rapid Bucarest
6%
Viborg
6%
Cyta Championship (Chypre)Aris Limassol
5%
Kalmar
5%
Osijek
5%
Craiova
4%
Netanya
4%
Slovacko
4%
Arhus
3%
Bohemians
3%
Djurgarden
3%
Hapoel Jerusalem
3%
Istra
3%
Kecskeméti
3%
Odds
3%
Paksi
3%
Paphos
1%
Piast Gliwice
1%
Pogon Szczecin
1%
Puskas akadémia
1%
Vorskia
1%

Distribution des résultats

Percentile par nombre de réponses

% des personnes avec chaque résultat

Votre développement - résultats

Vous n’avez pas pris ce quiz